| 000 | 01809cam a22003855a 4500 | ||
|---|---|---|---|
| 001 | 016945882 | ||
| 003 | EG-ScBUE | ||
| 005 | 20220516115014.0 | ||
| 008 | 140507s2015 enka f bd 001 0 eng d | ||
| 020 | _a0199571872 (pbk) | ||
| 020 | _a9780199571871 (pbk) | ||
| 035 | _a(OCoLC)ocn889183934 | ||
| 040 |
_aStDuBDS _beng _erda _cStDuBDS _dEG-ScBUE |
||
| 082 | 0 | 4 |
_222 _a425 _bKEI |
| 100 | 1 |
_aKeizer, Evelien‏, _eauthor. _940546 |
|
| 245 | 1 | 2 |
_aA functional discourse grammar for English / _cEvelien Keizer. |
| 264 | 1 |
_aOxford : _bOxford University Press, _c2015. |
|
| 300 |
_axviii, 336 pages : _billustrations ; _c26 cm. |
||
| 336 |
_2rdacontent _atext _btxt |
||
| 337 |
_2rdamedia _aunmediated _bn |
||
| 338 |
_2rdacarrier _avolume _bnc |
||
| 490 | 0 | _aOxford textbooks in linguistics | |
| 500 | _aIncludes glossary. | ||
| 504 | _aIncludes bibliographical references and index. | ||
| 505 | _aWhy Functional Discourse Grammar? -- The general architecture of FDG -- The Interpersonal Level -- The Representational Level -- The Morphosyntactic Level -- The Phonological Level -- Sample representations. | ||
| 520 | _aThis is the first textbook on Functional Discourse Grammar, a recently developed theory of language structure which analyses utterances at the pragmatic, semantic, morphosyntactic and phonological level. It focuses principally on English and provides extensive exercises for students to use and evaluate the theory. | ||
| 650 | 7 |
_aFunctional discourse grammar. _2BUEsh _940502 |
|
| 650 | 7 |
_aEnglish language _xGrammar. _2BUEsh _95501 |
|
| 650 | 7 |
_aEnglish language _xDiscourse analysis. _2BUEsh _940621 |
|
| 651 | _2BUEsh | ||
| 653 |
_cJuly2016 _bHHUUEENN |
||
| 655 |
_vReading book _934232 |
||
| 942 |
_2ddc _e22 _k425 KEI _cBB |
||
| 999 |
_c22073 _d22045 |
||